Closest Genetic Populations to the Welsh - Statistics

General Stats
  • This quiz has been taken 16 times
  • The average score is 10 of 12
Answer Stats
Genetic Distance Ethnicity % Correct
0.426 English
100%
0.479 Scottish
100%
1.557 German
93%
0.936 Irish
93%
2.217 French
87%
0.699 Dutch
80%
1.787 Norwegian
80%
2.293 Austrian
73%
1.805 Belgian
73%
1.205 Breton
73%
1.380 Danish
67%
1.747 Icelander
33%
No matching quizzes found
Score Distribution
Percent of People with Each Score
Percentile by Number Answered
Your Score History
You have not taken this quiz